Elecciones de 2000 en Venezuela: implantación de una nueva hegemonía /
Αποθηκεύτηκε σε:
| Κύριος συγγραφέας: | |
|---|---|
| Άλλοι συγγραφείς: | |
| Μορφή: | Κείμενο |
| Θέματα: | |
| Ετικέτες: |
Προσθήκη ετικέτας
Δεν υπάρχουν, Καταχωρήστε ετικέτα πρώτοι!
|
MARC
| LEADER | 00000 a a2200000 04500 | ||
|---|---|---|---|
| 001 | 1206 | ||
| 003 | |||
| 040 | |||
| 100 | |a López Maya, Margarita | ||
| 245 | |a Elecciones de 2000 en Venezuela: |b implantación de una nueva hegemonía / |c Margarita López Maya | ||
| 650 | |a VENEZUELA | ||
| 650 | |a ELECCIONES | ||
| 650 | |a COMPORTAMIENTO POLITICO | ||
| 650 | |a POLITICOS | ||
| 650 | |a ORGANOS LEGISLATIVOS | ||
| 650 | |a GOBIERNO LOCAL | ||
| 700 | |a Lander, Luis E. | ||
| 773 | |g volumen 4; páginas 9-17 | ||
| 999 | |c 21088 |d 21088 | ||
